Синтез муллитокорундовых материалов из природного алюмосиликатного сырья по фторидной технологии и получение высокоглиноземистой керамики на их основе: автореферат диссертации на соискание ученой степени кандидата технических наук; спец. 05.17.11

Dades bibliogràfiques
Autor principal: Погребенкова В. В. Валерия Валерьевна
Autor corporatiu: Национальный исследовательский Томский политехнический университет (ТПУ) Кафедра "Технология силикатов и наноматериалов"
Altres autors: Вакалова Т. В. Татьяна Викторовна (научный руководитель)
Sumari:Защита сост. 21.12.2010 г.
Idioma:rus
Publicat: Томск, 2010
Matèries:
Format: MixedMaterials Llibre
KOHA link:https://koha.lib.tpu.ru/cgi-bin/koha/opac-detail.pl?biblionumber=189755

MARC

LEADER 00000nam0a2200000 4500
001 189755
005 20231219134953.0
035 |a (RuTPU)RU\TPU\book\206482 
090 |a 189755 
100 |a 20110111d2010 k y0rusy50 ca 
101 0 |a rus 
102 |a RU 
105 |a a dm 001zy 
200 1 |a Синтез муллитокорундовых материалов из природного алюмосиликатного сырья по фторидной технологии и получение высокоглиноземистой керамики на их основе  |e автореферат диссертации на соискание ученой степени кандидата технических наук  |e спец. 05.17.11  |f В. В. Погребенкова  |g Национальный исследовательский Томский политехнический университет (ТПУ), Кафедра "Технология силикатов и наноматериалов" ; науч. рук. Т. В. Вакалова 
210 |a Томск  |d 2010 
215 |a 22 с.  |c ил. 
300 |a Защита сост. 21.12.2010 г. 
320 |a Библиогр.: с. 21-22 (17 назв.). 
452 1 |0 (RuTPU)RU\TPU\book\203817  |t Синтез муллитокорундовых материалов из природного алюмосиликатного сырья по фторидной технологии и получение высокоглиноземистой керамики на их основе  |o автореферат диссертации на соискание ученой степени кандидата технических наук  |o спец. 05.17.11  |f В. В. Погребенкова  |g Национальный исследовательский Томский политехнический университет (ТПУ) ; науч. рук. Т. В. Вакалова  |c Томск  |d 2010  |a Погребенкова, Валерия Валерьевна 
606 1 |a Керамика высокоглиноземистая  |2 stltpush  |3 (RuTPU)RU\TPU\subj\34871  |9 56710 
610 1 |a алюмосиликатная керамика 
610 1 |a получение 
610 1 |a физико-химические основы 
610 1 |a сырьевые источники 
610 1 |a каолины 
610 1 |a фторирующие агенты 
610 1 |a смеси 
610 1 |a фазообразование 
610 1 |a фторидная технология 
610 1 |a авторефераты диссертаций 
610 1 |a труды учёных ТПУ 
675 |a 666.65(04)  |v 3 
686 |a 05.17.11  |2 oksvnk 
700 1 |a Погребенкова  |b В. В.  |c химик-технолог  |c инженер Томского политехнического университета  |f 1984-  |g Валерия Валерьевна  |3 (RuTPU)RU\TPU\pers\27730 
702 1 |a Вакалова  |b Т. В.  |c химик-технолог  |c профессор Томского политехнического университета, доктор технических наук  |f 1956-  |g Татьяна Викторовна  |3 (RuTPU)RU\TPU\pers\26197  |4 727  |9 12005 
712 0 2 |a Национальный исследовательский Томский политехнический университет (ТПУ)  |b Кафедра "Технология силикатов и наноматериалов"  |c (2009- )  |3 (RuTPU)RU\TPU\col\15902 
801 1 |a RU  |b 63413507  |c 20110111 
801 2 |a RU  |b 63413507  |c 20140905  |g RCR 
942 |c BK